000 00845nam a2200253 i 4500
001 147545
003 ES-MaACL
005 20230906202056.0
007 t|
008 071003s1972 sp ||||1| spa d
080 _a946.71"1909"
080 _a946"1902/31"
100 1 _aUllman, Joan Connelly.
_9111931
245 1 3 _aLa semana trágica
_b: estudio sobre las causas socioeconómicas del anticlericalismo en España /
_cJoan Connelly Ullman ; traducción de Gonzalo Pontón.
260 _aBarcelona :
_bAriel,
_c[1972]
300 _a693 p. :
_bil. ;
_c23 cm.
490 1 _aHoras de España
651 4 _aBarcelona-
_xHistoria-
_y1909, Semana trágica.
_97863
700 1 _aPontón, Gonzalo.
_993064
830 0 _aHoras de España
_9180399
852 _aES-MaACL
_jE-5863
_bR.90161
852 _aES-MaACL
_jC-45055
999 _c147545
_d147545